000 00592cam a2200193 4500
020 _a0070230765
082 0 0 _a005.1
_bGEA
_cMCE L-10,p-79
100 1 _aGear, C. William
_936635
245 1 0 _aComputer organization and programming
_c[by] C. William Gear.
250 _a2d e[d.]
260 _aNew York,
_bMcGraw-Hill
_c[1974]
300 _axiv, 455 p.
_billus.
_c23 cm.
490 0 _aMcGraw-Hill computer science series
526 _a0
_b0
_c0
_d005_100000000000000_GEA
650 0 _aComputer organization.
_97006
650 0 _aComputer programming.
650 0 _aMCE
_9379
942 _2ddc
_cBK
999 _c541651
_d541651